The green and the red ; Sean O'Casey, the man and his plays.

Bibliographic Details
Main Author: Koslow, Jules, 1916-
Format: Book
Language:English
Published: [New York] : Arts, inc., [1950]
Series:Golden griffin books, 4
Subjects:

MARC

Tag First Indicator Second Indicator Subfields
LEADER 00000cam a2200000 4500
001 in00000034853
005 20151007063424.0
008 760424s1950 nyuc 00000 eng
010 |a  51001479  
035 |a (OCoLC)02135850 
035 |9 AAD7367AM 
040 |a DLC  |c FHM  |d TXA  |d UtOrBLW 
049 |a TXAM  |c [191276] 
050 0 0 |a PR6029.C33  |b Z67 
092 |a 822  |b O15Yk 
100 1 |a Koslow, Jules,  |d 1916- 
245 1 4 |a The green and the red ;  |b Sean O'Casey, the man and his plays. 
264 1 |a [New York] :  |b Arts, inc.,  |c [1950] 
300 |a 119 pages :  |b portrait ;  |c 28 cm. 
336 |a text  |b txt  |2 rdacontent 
337 |a unmediated  |b n  |2 rdamedia 
338 |a volume  |b nc  |2 rdacarrier 
490 0 |a Golden griffin books, 4 
600 1 0 |a O'Casey, Sean,  |d 1880-1964. 
999 |a MARS 
999 f f |s 2da2503b-f958-3013-9411-7be4a9e1c3f9  |i 4a418fee-00b5-361a-a0f2-95b23527d66a  |t 0 
952 f f |p ric  |a Texas A&M University  |b Rellis Campus  |c Joint Library Facility  |d Remote Storage  |t 0  |e PR6029.C33 Z67  |h Library of Congress classification  |i unmediated -- volume  |m A14801299031 
998 f f |a PR6029.C33 Z67  |t 0  |l Remote Storage